Advanced microsystems for automotive applications 99 /

Microsystems are an important success factor in the automobile industry. In order to fulfil the customers requests for safety convenience and vehicle economy, and to satisfy environmental requirements, microsystems are becoming indispensable. Thus a large number of microsystem applications came into...

Full description

Bibliographic Details
Corporate Author: SpringerLink (Online service)
Other Authors: Ricken, Detlef E. (Detlef Egbert), Gessner, Wolfgang
Format: eBook
Language:English
Published: Berlin : New York : Springer, [1999]
Subjects:
Online Access:Connect to the full text of this electronic book

MARC

Tag First Indicator Second Indicator Subfields
LEADER 00000cam a2200000Ka 4500
001 in00003512939
006 m o d
007 cr bn||||||abp
007 cr bn||||||ada
008 101213s1999 gw a ob 000 0 engsd
005 20260422223638.6
019 |a 777343802 
020 |a 9783662038383 (electronic bk.) 
020 |a 3662038382 (electronic bk.) 
020 |z 3540651837 
020 |z 9783540651833 
035 |a (OCoLC)692435884  |z (OCoLC)777343802 
040 |a OCLCE  |b eng  |e pn  |c OCLCE  |d OCLCQ  |d GW5XE  |d OCLCF  |d UtOrBLW 
042 |a dlr 
049 |a TXAM 
050 4 |a TL272.53  |b .A33 1999 
072 7 |a TL  |2 lcco 
082 0 4 |a 629.2/7  |2 21 
084 |a ELT 090f  |2 stub 
084 |a VER 085f  |2 stub 
084 |a ZO 4250  |2 rvk 
245 0 0 |a Advanced microsystems for automotive applications 99 /  |c Detlef E. Ricken, Wolfgang Gessner (eds.). 
264 1 |a Berlin :  |b New York :  |b Springer,  |c [1999] 
264 4 |c ©1999 
300 |a 1 online resource (x, 319 pages) :  |b illustrations 
336 |a text  |b txt  |2 rdacontent 
337 |a computer  |b c  |2 rdamedia 
338 |a online resource  |b cr  |2 rdacarrier 
500 |a Reports from the 3rd Conference on Advanced Microsystems for Automotive Applications, Berlin, March 18-19, 1999. 
504 |a Includes bibliographical references. 
538 |a Master and use copy. Digital master created according to Benchmark for Faithful Digital Reproductions of Monographs and Serials, Version 1. Digital Library Federation, December 2002.  |u http://purl.oclc.org/DLF/benchrepro0212  |5 MiAaHDL 
583 1 |a digitized  |c 2010  |h HathiTrust Digital Library  |l committed to preserve  |2 pda  |5 MiAaHDL 
588 |a Description based on print version record. 
520 |a Microsystems are an important success factor in the automobile industry. In order to fulfil the customers requests for safety convenience and vehicle economy, and to satisfy environmental requirements, microsystems are becoming indispensable. Thus a large number of microsystem applications came into the discussion. With the international conference AMAA '99, VDI/VDE-IT provides a platform for the discussion of all MST relevant components for automotive applications. The conference proceedings gather the papers by authors from automobile suppliers and manufacturers. 
500 |a Electronic resource. 
650 0 |a Automobiles  |x Electronic equipment  |v Congresses. 
650 0 |a Programmable controllers  |v Congresses. 
650 0 |a Microprocessors  |v Congresses. 
650 0 |a Automotive computers  |v Congresses. 
650 0 7 |a Kraftfahrzeugbau.  |2 swd 
650 0 7 |a Mikrosystemtechnik.  |2 swd 
650 7 |a Automobiles  |x Electronic equipment.  |2 fast  |0 (OCoLC)fst00823428 
650 7 |a Automotive computers.  |2 fast  |0 (OCoLC)fst00824132 
650 7 |a Microprocessors.  |2 fast  |0 (OCoLC)fst01020008 
650 7 |a Programmable controllers.  |2 fast  |0 (OCoLC)fst01078679 
655 7 |a Electronic books.  |2 local 
655 7 |a Kongress.  |2 swd 
655 7 |a Teltow (1999)  |2 swd 
655 7 |a Conference proceedings.  |2 fast  |0 (OCoLC)fst01423772 
700 1 |a Ricken, Detlef E.  |q (Detlef Egbert) 
700 1 |a Gessner, Wolfgang. 
710 2 |a SpringerLink (Online service) 
776 1 8 |i Print version:  |t Advanced microsystems for automotive applications 99.  |d Berlin : New York Springer, ©1999  |w (DLC) 99211223  |w (OCoLC)41222007 
856 4 0 |u http://proxy.library.tamu.edu/login?url=https://link.springer.com/10.1007/978-3-662-03838-3  |z Connect to the full text of this electronic book  |t 0 
994 |a 92  |b TXA 
999 |a MARS 
999 f f |s 4b810f22-edc0-37ee-b08d-9040bc18fb1d  |i d26b406b-cec9-3f8f-a04e-29838ff6fef3  |t 0 
952 f f |a Texas A&M University  |b College Station  |c Electronic Resources  |s www_evans  |d Available Online  |t 0  |e TL272.53 .A33 1999  |h Library of Congress classification 
998 f f |a TL272.53 .A33 1999  |t 0  |l Available Online